01165nam a2200325 i 4500001000300000003000900003005001700012008003900029015001700068040003500085041001300120080001200133100002200145245010400167246004200271260005600313300003800369380001700407504003400424650002500458650001700483700003900500700003300539710004200572856009800614942001200712999001700724952004800741952005000789bgKOSZ 00520220614144010.0071009s1968 pl a f 001 0 pol aPB 1968/8601 aWA NcKOSZ 005/RWdKOSZ 005/RW1 apolheng a547:5411 aHallas, Geoffrey.10aStereochemia związków organicznych /cG. Hallas ; tł. Jarosław Böhm i Wacław Zamłyński.1 iTyt. oryg.:aOrganic stereochemistry. aWarszawa :bPaństwowe Wydawnictwo Naukowe,c1968. a279, [1] s. :bil., err ;c23 cm. aKsiążki. aBibliogr. przy rozdz. Indeks. 4aZwiązki organiczne 4aStereochemia1 aBöhm, Jarosławd(1906- ).eTł.1 aZamłyński, Wacław.eTł.2 aPaństwowe Wydawnictwo Naukowe4pbl. uhttp://koha.tu.koszalin.pl/cgi-bin/koha/opac-detail.pl?biblionumber=11234yKatalog online BPK 2UKDcKS c11234d11234 00104070aBPKbBPKcwo2608p02132198yKS 00104070aBPKbBPKcwo2608/Lp02267838yKS